[Event "Wch Seniors 65 28th"]
[Site "Bled"]
[Date "2018.11.26"]
[Round "8"]
[White "Bregoszewski, Leon"]
[Black "Gibbons, Robert"]
[Result "1/2-1/2"]
[WhiteElo "1632"]
[BlackElo "1914"]
[PlyCount "128"]
[EventDate "2018.11.18"]
[EventType "swiss"]
[EventRounds "11"]
[EventCountry "SLO"]
[SourceTitle "CBM 187 Extra"]
[Source "ChessBase"]
[SourceDate "2018.11.04"]
[SourceVersion "1"]
[SourceVersionDate "2018.11.04"]
[SourceQuality "1"]

1. d4 d5 2. f4 Bf5 3. Nf3 Nf6 4. e3 e6 5. Bd3 Be4 6. 0-0 Nbd7 7. Nbd2 Bd6 8. Qe2 c6 9. Ng5 Bxd3 10. Qxd3 h6 11. Ngf3 0-0 12. Ne5 Bxe5 13. fxe5 Nh7 14. Nf3 f6 15. exf6 Nhxf6 16. Bd2 Ne4 17. Be1 Qc7 18. Nd2 Rxf1+ 19. Nxf1 Rf8 20. Ng3 Ndf6 21. Qe2 Rf7 22. Nh5 Qc8 23. Nf4 Qe8 24. Ng6 Nd7 25. Bh4 Kh7 26. Qg4 Nf8 27. Ne5 Rf5 28. Rf1 Rxf1+ 29. Kxf1 Ng6 30. Qh5 Qf8+ 31. Ke2 Nxe5 32. Qxe5 Qf5 33. Qxf5+ exf5 34. Be1 g5 35. Kf3 h5 36. Ke2 Kg6 37. Kd3 Kf6 38. b3 Ke6 39. c4 Nf6 40. h3 h4 41. Ke2 Ne4 42. Kf3 Kf6 43. cxd5 cxd5 44. a4 Kg6 45. g3 hxg3 46. b4 a6 47. Bxg3 Nc3 48. a5 Ne4 49. Be1 Kh5 50. Kg2 Nf6 51. Kg3 Nh7 52. Kg2 Nf8 53. Bg3 Ng6 54. Bd6 g4 55. Kg3 gxh3 56. Kxh3 Kg5 57. Kg3 Kf6 58. Bc7 Ke6 59. Bb8 Kf7 60. Bf4 Ke6 61. Bg5 Kf7 62. Bf4 Ke6 63. Bb8 Kf7 64. Bf4 Ke6 1/2-1/2

[Event "Wch Seniors 65 28th"]
[Site "Bled"]
[Date "2018.11.20"]
[Round "3"]
[White "Anguera Maestro, Jaime"]
[Black "Bregoszewski, Leon"]
[Result "1-0"]
[WhiteElo "2072"]
[BlackElo "1632"]
[PlyCount "69"]
[EventDate "2018.11.18"]
[EventType "swiss"]
[EventRounds "11"]
[EventCountry "SLO"]
[SourceTitle "CBM 187 Extra"]
[Source "ChessBase"]
[SourceDate "2018.11.04"]
[SourceVersion "1"]
[SourceVersionDate "2018.11.04"]
[SourceQuality "1"]

1. d4 d5 2. Nf3 Nf6 3. Bf4 e6 4. e3 Bd6 5. Ne5 Nbd7 6. Nd2 0-0 7. Bd3 a6 8. 0-0 Re8 9. c4 Nf8 10. c5 Be7 11. b4 c6 12. a4 Ng6 13. Nxg6 hxg6 14. h3 Bd7 15. Qc2 Nh5 16. Bh2 Rf8 17. Nf3 f5 18. Ne5 Be8 19. Qe2 Nf6 20. b5 g5 21. bxa6 b6 22. cxb6 Qxb6 23. Rfb1 Qd8 24. Rb7 c5 25. dxc5 Bxc5 26. Rc1 Bd6 27. Bb5 Bh5 28. f3 Be8 29. Qc2 Rb8 30. Nc6 Bxh2+ 31. Kxh2 Qd6+ 32. Kg1 Bxc6 33. Qxc6 Qe5 34. Qc3 Qd6 35. Qc7 1-0

[Event "Wch Seniors 65 28th"]
[Site "Bled"]
[Date "2018.11.18"]
[Round "1"]
[White "Ofstad, Per"]
[Black "Bregoszewski, Leon"]
[Result "1/2-1/2"]
[WhiteElo "2064"]
[BlackElo "1632"]
[PlyCount "51"]
[EventDate "2018.11.18"]
[EventType "swiss"]
[EventRounds "11"]
[EventCountry "SLO"]
[SourceTitle "CBM 187 Extra"]
[Source "ChessBase"]
[SourceDate "2018.11.04"]
[SourceVersion "1"]
[SourceVersionDate "2018.11.04"]
[SourceQuality "1"]

1. e4 c6 2. d4 d5 3. e5 Bf5 4. Nf3 e6 5. Be2 Nd7 6. 0-0 Qc7 7. Re1 Ne7 8. Nbd2 c5 9. c3 Nc6 10. Nb3 Be7 11. Be3 c4 12. Nbd2 0-0 13. Bf1 b5 14. a3 a5 15. Bg5 h6 16. Bxe7 Nxe7 17. Nh4 Bh7 18. Re3 Nf5 19. Nxf5 Bxf5 20. g4 Bh7 21. g5 hxg5 22. Qh5 Bg6 23. Qxg5 Qd8 24. Qg4 Bf5 25. Qh5 Bg6 26. Qg4 1/2-1/2

[Event "Kochan Memorial op 25th"]
[Site "Koszalin"]
[Date "2014.08.17"]
[Round "8"]
[White "Versporten, Wim"]
[Black "Bregoszewski, Leon"]
[Result "1-0"]
[WhiteElo "2056"]
[BlackElo "1612"]
[PlyCount "101"]
[EventDate "2014.08.10"]
[EventType "swiss"]
[EventRounds "9"]
[EventCountry "POL"]
[SourceTitle "CBM 161 Extra"]
[Source "ChessBase"]
[SourceDate "2014.08.29"]
[SourceVersion "1"]
[SourceVersionDate "2014.08.29"]
[SourceQuality "1"]

1. e4 c5 2. Nf3 Nc6 3. d4 cxd4 4. Nxd4 a6 5. c4 e6 6. Nc3 Bb4 7. Nde2 Nge7 8. a3 Bxc3+ 9. Nxc3 d6 10. Bf4 e5 11. Be3 Be6 12. b4 0-0 13. Be2 Rc8 14. 0-0 Ng6 15. Qd2 Nce7 16. Nd5 Bxd5 17. cxd5 f5 18. f3 Qd7 19. Rfc1 fxe4 20. fxe4 Nf4 21. Bf3 b5 22. Rxc8 Qxc8 23. Rc1 Qd7 24. Rc2 Neg6 25. Qd1 h5 26. g3 Qh3 27. gxf4 Nh4 28. Rf2 exf4 29. Bd4 g6 30. Qf1 Nxf3+ 31. Rxf3 Qg4+ 32. Qg2 Qxg2+ 33. Kxg2 g5 34. Rh3 h4 35. Kf3 Kf7 36. Kg4 Kg6 37. Rc3 Re8 38. Kf3 Kh5 39. h3 Rg8 40. Rc7 g4+ 41. hxg4+ Kg6 42. Kxf4 Rf8+ 43. Ke3 h3 44. Rg7+ Kh6 45. g5+ Kh5 46. Rh7+ Kg4 47. g6 Kg3 48. g7 Rg8 49. Rh6 h2 50. Rg6+ Kh3 51. Kf2 1-0

[Event "Kochan Memorial op 25th"]
[Site "Koszalin"]
[Date "2014.08.12"]
[Round "2"]
[White "Smal, Tobiasz"]
[Black "Bregoszewski, Leon"]
[Result "1-0"]
[WhiteElo "1888"]
[BlackElo "1612"]
[PlyCount "51"]
[EventDate "2014.08.10"]
[EventType "swiss"]
[EventRounds "9"]
[EventCountry "POL"]
[SourceTitle "CBM 161 Extra"]
[Source "ChessBase"]
[SourceDate "2014.08.29"]
[SourceVersion "1"]
[SourceVersionDate "2014.08.29"]
[SourceQuality "1"]

1. e4 c5 2. Nf3 Nc6 3. d4 cxd4 4. Nxd4 a6 5. Nc3 e6 6. Be3 Bb4 7. Qd2 Qa5 8. Nb3 Bxc3 9. bxc3 Qc7 10. Bc5 b6 11. Bd6 Qd8 12. Bd3 Bb7 13. 0-0 Nge7 14. f4 0-0 15. f5 exf5 16. exf5 f6 17. Rae1 Rc8 18. Qe2 Ne5 19. Bxe5 fxe5 20. Qxe5 Nc6 21. Qd5+ Kh8 22. f6 gxf6 23. Qh5 f5 24. Bxf5 Rxf5 25. Rxf5 Qg8 26. Re3 1-0

[Event "POL-ch Amateur"]
[Site "Wroclaw"]
[Date "2012.06.24"]
[Round "7"]
[White "Bregoszewski, Leon"]
[Black "Lambucki, Lukasz"]
[Result "1-0"]
[WhiteElo "1725"]
[BlackElo "1819"]
[PlyCount "79"]
[EventDate "2012.06.22"]
[EventType "swiss"]
[EventRounds "7"]
[EventCountry "POL"]
[SourceTitle "EXT 2013"]
[Source "ChessBase"]
[SourceDate "2012.11.22"]
[SourceVersion "1"]
[SourceVersionDate "2012.11.22"]
[SourceQuality "1"]

1. d4 Nf6 2. f4 d5 3. Nf3 e6 4. e3 Be7 5. Bd3 0-0 6. Nbd2 c5 7. c3 Nc6 8. 0-0 Ne8 9. Ne5 f5 10. Rf3 Nf6 11. Rh3 Nxe5 12. fxe5 Ne4 13. Nf3 g5 14. Bxe4 dxe4 15. Ne1 g4 16. Rg3 Bh4 17. Bd2 Bxg3 18. hxg3 h5 19. Nc2 Rf7 20. Be1 Rg7 21. Bf2 Qg5 22. Qe1 cxd4 23. cxd4 Rc7 24. Na3 Bd7 25. b3 Rac8 26. Nc4 Rc6 27. a4 Qe7 28. Nd6 Rb8 29. b4 Qd8 30. Qd1 Rc3 31. Qe1 Qc7 32. Qb1 Bxa4 33. b5 Bb3 34. Be1 Rxe3 35. Ra3 Bc2 36. Qa1 Rxa3 37. Qxa3 a6 38. Qa2 e3 39. Qxe6+ Kh8 40. Nf7+ 1-0

[Event "POL-ch Amateur"]
[Site "Wroclaw"]
[Date "2012.06.24"]
[Round "6"]
[White "Konieczynski, Piotr"]
[Black "Bregoszewski, Leon"]
[Result "1-0"]
[WhiteElo "1905"]
[BlackElo "1725"]
[PlyCount "49"]
[EventDate "2012.06.22"]
[EventType "swiss"]
[EventRounds "7"]
[EventCountry "POL"]
[SourceTitle "EXT 2013"]
[Source "ChessBase"]
[SourceDate "2012.11.22"]
[SourceVersion "1"]
[SourceVersionDate "2012.11.22"]
[SourceQuality "1"]

1. d4 d5 2. c4 Nf6 3. Nf3 e6 4. Nc3 c6 5. e3 Nbd7 6. Qc2 Be7 7. Bd3 dxc4 8. Bxc4 b5 9. Be2 Bb7 10. 0-0 a6 11. e4 Rc8 12. e5 Nd5 13. Nxd5 cxd5 14. Qb3 0-0 15. Bd2 f6 16. a4 fxe5 17. Nxe5 Nxe5 18. dxe5 Bc6 19. axb5 Bxb5 20. Bxb5 axb5 21. Qxb5 Rc2 22. Be3 Rc4 23. Ra7 Bg5 24. Qb7 Bf6 25. exf6 1-0

[Event "Koszalin op"]
[Site "Koszalin"]
[Date "2012.??.??"]
[Round "5"]
[White "Narkun, Michal"]
[Black "Bregoszewski, Leon"]
[Result "1/2-1/2"]
[WhiteElo "1877"]
[BlackElo "1746"]
[PlyCount "143"]
[EventDate "2012.01.06"]
[EventType "swiss"]
[EventRounds "9"]
[EventCountry "POL"]
[SourceTitle "CBM 146 Extra"]
[Source "ChessBase"]
[SourceDate "2012.02.29"]
[SourceVersion "1"]
[SourceVersionDate "2012.02.29"]
[SourceQuality "1"]

1. d4 d5 2. c4 c6 3. Nf3 Nf6 4. e3 e6 5. Nbd2 Bd6 6. Bd3 Nbd7 7. 0-0 e5 8. dxe5 Nxe5 9. Nxe5 Bxe5 10. Nf3 Bg4 11. h3 Bxf3 12. Qxf3 0-0 13. Rd1 Qe7 14. Rb1 Ne4 15. Bd2 f5 16. cxd5 cxd5 17. a3 Rf6 18. Bb4 Qe6 19. Bxe4 fxe4 20. Qg4 Qf7 21. Rbc1 h5 22. Qe2 a5 23. Bc3 Rf5 24. Bxe5 Rxe5 25. Qb5 Rf5 26. Rc2 d4 27. Qc4 d3 28. Qxf7+ Rxf7 29. Rc4 Re7 30. f3 exf3 31. Rxd3 fxg2 32. Kxg2 Ra6 33. Rf4 Rg6+ 34. Kf3 b6 35. Rd5 Rge6 36. e4 g6 37. Ke3 Kg7 38. Kd4 Rf6 39. Rxf6 Kxf6 40. h4 Ke6 41. a4 Rc7 42. Re5+ Kf6 43. Rb5 Rc6 44. Kd5 Re6 45. Rb3 Re5+ 46. Kd4 Re6 47. Rf3+ Ke7 48. e5 Rc6 49. Rg3 Rc2 50. b3 Rh2 51. Rxg6 Rxh4+ 52. Kd5 Rb4 53. Rg7+ Kf8 54. Rg3 h4 55. Rc3 Ke7 56. e6 b5 57. Rc7+ Ke8 58. Kd6 Rd4+ 59. Kc5 Re4 60. axb5 Rxe6 61. Rh7 Kd8 62. b6 Kc8 63. Kb5 Kb8 64. Ka6 Re8 65. Rxh4 Rg8 66. Rh7 Rf8 67. Kxa5 Rf5+ 68. Ka6 Rf8 69. b4 Rg8 70. b5 Rf8 71. Ra7 Rf1 72. Rb7+ 1/2-1/2

[Event "Koszalin op"]
[Site "Koszalin"]
[Date "2012.??.??"]
[Round "7"]
[White "Smieszek, Wojciech"]
[Black "Bregoszewski, Leon"]
[Result "1-0"]
[WhiteElo "1805"]
[BlackElo "1746"]
[PlyCount "67"]
[EventDate "2012.01.06"]
[EventType "swiss"]
[EventRounds "9"]
[EventCountry "POL"]
[SourceTitle "CBM 146 Extra"]
[Source "ChessBase"]
[SourceDate "2012.02.29"]
[SourceVersion "1"]
[SourceVersionDate "2012.02.29"]
[SourceQuality "1"]

1. e4 c6 2. d4 d5 3. exd5 cxd5 4. c4 dxc4 5. Bxc4 e6 6. Nf3 Nf6 7. 0-0 Be7 8. Nc3 0-0 9. Bf4 a6 10. d5 exd5 11. Nxd5 Nxd5 12. Bxd5 Nd7 13. Rc1 Nf6 14. Bb3 Qxd1 15. Rfxd1 b5 16. Rc7 Bb4 17. Ng5 Be6 18. Nxe6 fxe6 19. Bxe6+ Kh8 20. Bg5 Ne4 21. Be3 Rad8 22. Rxd8 Rxd8 23. Rc8 Be7 24. Bb6 Rf8 25. a3 Nc5 26. Rxf8+ Bxf8 27. Bc8 Nd3 28. b4 Ne5 29. Bxa6 Nc4 30. Bc5 Kg8 31. a4 Bxc5 32. bxc5 Kf8 33. Bxb5 Na5 34. c6 1-0

[Event "Koszalin op"]
[Site "Koszalin"]
[Date "2012.??.??"]
[Round "3"]
[White "Stylinski, Piotr"]
[Black "Bregoszewski, Leon"]
[Result "0-1"]
[WhiteElo "1545"]
[BlackElo "1746"]
[PlyCount "98"]
[EventDate "2012.01.06"]
[EventType "swiss"]
[EventRounds "9"]
[EventCountry "POL"]
[SourceTitle "CBM 146 Extra"]
[Source "ChessBase"]
[SourceDate "2012.02.29"]
[SourceVersion "1"]
[SourceVersionDate "2012.02.29"]
[SourceQuality "1"]

1. d4 d5 2. c4 c6 3. Nc3 Nf6 4. Nf3 e6 5. Bf4 Nbd7 6. e3 Be7 7. Bd3 Nf8 8. 0-0 Ng6 9. Bg3 Bd6 10. Re1 0-0 11. Rb1 b6 12. b4 Bb7 13. c5 Bxg3 14. hxg3 b5 15. a4 a6 16. axb5 axb5 17. Ra1 Qc7 18. Qc2 Rfe8 19. Bxg6 hxg6 20. Rxa8 Rxa8 21. Qb2 Bc8 22. Ra1 Qb7 23. Ra2 Bd7 24. Qa1 Rxa2 25. Qxa2 Ng4 26. Ne2 f6 27. Qa1 g5 28. Nc1 Be8 29. Qa5 Qb8 30. Nh2 Nh6 31. Nb3 Kh7 32. Qb6 Qc8 33. Na5 e5 34. dxe5 fxe5 35. Qb7 Qf5 36. Qe7 Qb1+ 37. Nf1 Bg6 38. Nxc6 Bd3 39. Qxg5 Qxf1+ 40. Kh2 Qxf2 41. Qh5 g6 42. Qf3 Qxf3 43. gxf3 e4 44. Kg2 exf3+ 45. Kxf3 Be4+ 46. Kf4 Nf7 47. Na7 g5+ 48. Kg4 Kg6 49. c6 Bg2 0-1

[Event "Rewal op-B 16th"]
[Site "Rewal"]
[Date "2011.08.28"]
[Round "9"]
[White "Jasniewicz, Rafal"]
[Black "Bregoszewski, Leon"]
[Result "1/2-1/2"]
[WhiteElo "1605"]
[BlackElo "1821"]
[PlyCount "32"]
[EventDate "2011.08.18"]
[EventType "swiss"]
[EventRounds "9"]
[EventCountry "POL"]
[SourceTitle "CBM 144 Extra"]
[Source "ChessBase"]
[SourceDate "2011.10.28"]
[SourceVersion "1"]
[SourceVersionDate "2011.10.28"]
[SourceQuality "1"]

1. Nf3 c5 2. g3 d5 3. Bg2 Nc6 4. d3 e5 5. 0-0 Bd6 6. Nc3 Be6 7. e4 d4 8. Ne2 h6 9. c3 Nge7 10. cxd4 cxd4 11. Bd2 0-0 12. Ne1 Ng6 13. f4 exf4 14. Bxf4 Bg4 15. h3 Bh5 16. Nf3 Be7 1/2-1/2

[Event "POL-ch Army"]
[Site "Kolobrzeg"]
[Date "2008.03.11"]
[Round "2"]
[White "Bregoszewski, Leon"]
[Black "Kedzierski, Slawomir"]
[Result "0-1"]
[WhiteElo "1876"]
[BlackElo "2067"]
[PlyCount "79"]
[EventDate "2008.03.11"]
[EventType "swiss"]
[EventRounds "9"]
[EventCountry "POL"]
[SourceTitle "EXT 2010"]
[Source "ChessBase"]
[SourceDate "2010.11.25"]
[SourceVersion "1"]
[SourceVersionDate "2010.11.25"]
[SourceQuality "1"]

1. d4 Nf6 2. f4 d5 3. Nf3 Bf5 4. e3 e6 5. Bd3 Ne4 6. 0-0 Bd6 7. c3 0-0 8. Qc2 Nd7 9. b3 c5 10. Nfd2 Ndf6 11. Nxe4 Nxe4 12. Nd2 Nxd2 13. Bxd2 Bxd3 14. Qxd3 Rc8 15. Rae1 c4 16. bxc4 Rxc4 17. e4 Ra4 18. e5 Be7 19. Ra1 Qa5 20. Qb1 b6 21. Rf2 Qa6 22. f5 exf5 23. Rxf5 Qc8 24. Rf3 f5 25. Qf1 Qe6 26. Qb5 Rc4 27. a4 Qc6 28. Qb3 h6 29. Rff1 Bg5 30. Be1 Be3+ 31. Kh1 g5 32. Qb1 f4 33. Rf3 Kg7 34. Qd1 Qg6 35. Ra2 Qe4 36. h3 Rc6 37. Qe2 Rg6 38. Bd2 Bxd2 39. Qxd2 Rc8 40. Rc2 0-1

[Event "Kochan Memorial op-B 18th"]
[Site "Koszalin"]
[Date "2007.08.05"]
[Round "1"]
[White "Olszewski, Marek"]
[Black "Bregoszewski, Leon"]
[Result "1/2-1/2"]
[WhiteElo "2073"]
[BlackElo "1906"]
[PlyCount "112"]
[EventDate "2007.08.05"]
[EventType "swiss"]
[EventRounds "9"]
[EventCountry "POL"]
[SourceTitle "EXT 2011"]
[Source "ChessBase"]
[SourceDate "2010.11.26"]
[SourceVersion "1"]
[SourceVersionDate "2010.11.26"]
[SourceQuality "1"]

1. e4 c6 2. Nf3 d5 3. Nc3 dxe4 4. Nxe4 Nf6 5. Ng3 g6 6. Bc4 Bg7 7. 0-0 0-0 8. d4 Nd5 9. h3 Nd7 10. Re1 N7f6 11. Bb3 e6 12. c4 Ne7 13. a4 b6 14. Be3 Bb7 15. Qd2 c5 16. dxc5 Bxf3 17. Qxd8 Rfxd8 18. gxf3 bxc5 19. Bxc5 Nc6 20. Bd1 Nd7 21. Ba3 Nde5 22. c5 Nd4 23. Kg2 a5 24. Ne4 Rab8 25. Nd6 Nd3 26. Re3 Nxb2 27. Bxb2 Rxb2 28. Nc4 Nc2 29. Nxb2 Nxa1 30. Rd3 Rc8 31. Nc4 Rxc5 32. Rd8+ Bf8 33. Nb6 Kg7 34. Be2 Be7 35. Rd1 Nb3 36. Bb5 Rc2 37. Bd3 Rc3 38. Be2 Bc5 39. Nd7 Ba7 40. Ne5 Nd4 41. Bb5 f6 42. Nd3 e5 43. Ba6 Rc6 44. Bb5 Rc2 45. Ba6 Nb3 46. Rb1 Rc3 47. Rd1 Bd4 48. Bb5 h5 49. Kg3 f5 50. Kg2 h4 51. Ba6 g5 52. Bb5 Kf6 53. Ne1 Nc5 54. Rb1 Ne6 55. Bf1 Nf4+ 56. Kg1 Ra3 1/2-1/2

[Event "Poznan op-B 16th"]
[Site "Poznan"]
[Date "2007.07.21"]
[Round "1.18"]
[White "Przygocki, Maciej"]
[Black "Bregoszewski, Leon"]
[Result "0-1"]
[WhiteElo "1686"]
[BlackElo "1906"]
[PlyCount "27"]
[EventDate "2007.07.21"]
[EventType "swiss"]
[EventRounds "9"]
[EventCountry "POL"]
[SourceTitle "EXT 2023"]
[Source "ChessBase"]
[SourceDate "2022.10.05"]
[SourceVersion "1"]
[SourceVersionDate "2022.10.05"]
[SourceQuality "1"]

1. d4 c6 2. c4 d5 3. e3 Nf6 4. Nc3 b6 5. Nf3 g6 6. b3 Bg7 7. Bd3 0-0 8. Bb2 Nbd7 9. Qc2 Re8 10. h4 e5 11. dxe5 Nxe5 12. Nxe5 Rxe5 13. Nxd5 Nxd5 14. Bxe5 0-1